Guess The Linkin Park Song By The Lyrics - Statistics

General Stats
  • This quiz has been taken 284 times
  • The average score is 6 of 15
Answer Stats
Lyric Song % Correct
But in the end, it doesn't even matter In The End
100%
You were just like me with someone disappointed in you Numb
77%
So let mercy come and wash away What I've Done
68%
These wounds, they will not heal Crawling
65%
You're gonna listen to me, like it or not Faint
43%
We're a broken people living under loaded gun The Catalyst
42%
But I'm tired, I will always be afraid Lost
41%
Dug the trench out, laid down there Bleed It Out
39%
The reminders pull the floor from your feet One More Light
33%
But all that they can see the words revealed Somewhere I Belong
33%
She's pulling her weapon to her side Across The Line
18%
Talk a lot of game and yet you don't know Wretches and Kings
16%
And I take back all the things I said to make you feel like that My December
13%
Healing the blind, I promise to let the sun in Hands Held High
12%
You claim that ain't the way that he built me Guilty All The Same
10%
No matching quizzes found
Score Distribution
Percent of People with Each Score
Percentile by Number Answered
Your Score History
You have not taken this quiz